Hero vs heroin (Record no. 130324)

MARC details
000 -LEADER
fixed length control field 00812nam a2200289 i 4500
001 - CONTROL NUMBER
control field C2-0331610
003 - CONTROL NUMBER IDENTIFIER
control field PPAK
005 - DATE AND TIME OF LATEST TRANSACTION
control field 20180728131951.0
008 - FIXED-LENGTH DATA ELEMENTS--GENERAL INFORMATION
fixed length control field 150623s2014 my a|||| ||||| | may d
020 ## - INTERNATIONAL STANDARD BOOK NUMBER
International Standard Book Number 9789670411200
040 ## - CATALOGING SOURCE
Original cataloging agency PPAK
Language of cataloging eng
Transcribing agency PPAK
Description conventions rda
082 04 - DEWEY DECIMAL CLASSIFICATION NUMBER
Classification number 899.233
Edition number 23
090 00 - LOCALLY ASSIGNED LC-TYPE CALL NUMBER (OCLC); LOCAL CALL NUMBER (RLIN)
Classification number (OCLC) (R) ; Classification number, CALL (RLIN) (NR) 899.233
Feature heading AIN
Feature heading G
100 0# - MAIN ENTRY--PERSONAL NAME
Personal name Ain Maisarah,
Relator term author
245 10 - TITLE STATEMENT
Title Hero vs heroin
264 #1 - PRODUCTION, PUBLICATION, DISTRIBUTION, MANUFACTURE, AND COPYRIGHT NOTICE
Place of production, publication, distribution, manufacture Batu Caves, Selangor :
Name of producer, publisher, distributor, manufacturer Blink Book Sdn. Bhd. ,
Date of production, publication, distribution, manufacture, or copyright notice 2014
300 ## - PHYSICAL DESCRIPTION
Extent various pages :
Other physical details colour illustrations ;
Dimensions 19 cm
336 ## - CONTENT TYPE
Source rdacontent
Content type term text
337 ## - MEDIA TYPE
Source rdamedia
Media type term unmediated
338 ## - CARRIER TYPE
Source rdacarrier
Carrier type term volume
490 1# - SERIES STATEMENT
Series statement Siri Nomik Superhero
650 10 - SUBJECT ADDED ENTRY--TOPICAL TERM
Topical term or geographic name entry element Malay fiction.
700 ## - ADDED ENTRY--PERSONAL NAME
Relator term author
Personal name Nurismakiza Ismail,
Relator term editor
830 #0 - SERIES ADDED ENTRY--UNIFORM TITLE
Uniform title Siri Nomik Superhero
942 ## - ADDED ENTRY ELEMENTS (KOHA)
-- dc
Koha item type Book
Holdings
Withdrawn Not for loan Current library Shelving location Date acquired Total Checkouts Full call number Barcode Date last seen Koha item type
    PD35, Kg. Sungai Daun, Yan Pinjaman Dewasa 02/07/2015   899.233 AIN A01461657 09/05/2018 Book
    PD36, Kg. Kuala Lanjut, Kota Star Pinjaman Dewasa 02/07/2015   899.233 AIN A01461658 09/05/2018 Book
    PD37, Kg. Belat, Pendang Pinjaman Dewasa 02/07/2015   899.233 AIN A01461659 09/05/2018 Book
    PD38, KEDA Tanjung Setol, Pendang Pinjaman Dewasa 02/07/2015   899.233 AIN A01461660 09/05/2018 Book
    PD39, Felda Bukit Tembaga, Kuala Nerang Pinjaman Dewasa 02/07/2015   899.233 AIN A01461662 09/05/2018 Book